000 00485nam a22001817a 4500
999 _c20314
_d20314
003 BDDh-ASL
005 20231015025854.0
008 201229s1977 uk ||||| |||| 00| 0 eng d
040 _cBDDh-ASL
082 _a297.09
_bAHI
100 1 _92610
_aAhsan, M. M.
245 1 0 _aIslam: Faith and Practice /
260 _aLondon:
_bThe Islamic Foundation,
_c1977.
300 _a48 p.:
_c21 cm.
504 _aInclude Bibliographical References
650 0 _91652
_aIslam
942 _2ddc
_cBK